Priateľ do dažďa (Record no. 20007)
[ view plain ]
| 000 -LEADER | |
|---|---|
| fixed length control field | 01767nam a2200565 a 4500 |
| 001 - CONTROL NUMBER | |
| control field | 20007 |
| 003 - CONTROL NUMBER IDENTIFIER | |
| control field | VRT |
| 005 - DATE AND TIME OF LATEST TRANSACTION | |
| control field | 20260113153758.0 |
| 008 - FIXED-LENGTH DATA ELEMENTS--GENERAL INFORMATION | |
| fixed length control field | 111018s2010 xo g 000 f slo d |
| 020 ## - INTERNATIONAL STANDARD BOOK NUMBER | |
| International Standard Book Number | 9788022205917 (viaz.) |
| 035 ## - SYSTEM CONTROL NUMBER | |
| System control number | a000450098 |
| 039 #9 - LEVEL OF BIBLIOGRAPHIC CONTROL AND CODING DETAIL [OBSOLETE] | |
| Level of rules in bibliographic description | 202210041423 |
| Level of effort used to assign nonsubject heading access points | gluc |
| Level of effort used to assign subject headings | 201403260958 |
| Level of effort used to assign classification | uhliarova |
| Level of effort used to assign subject headings | 201402131051 |
| Level of effort used to assign classification | drlickoj |
| Level of effort used to assign subject headings | 201112131100 |
| Level of effort used to assign classification | muro |
| 040 ## - CATALOGING SOURCE | |
| Original cataloging agency | ZKSE |
| Language of cataloging | slo |
| Transcribing agency | UKB |
| Modifying agency | SVKBB |
| Description conventions | AACR2 |
| 041 1# - LANGUAGE CODE | |
| Language code of text/sound track or separate title | slo |
| Language code of original | ger |
| 044 ## - COUNTRY OF PUBLISHING/PRODUCING ENTITY CODE | |
| MARC country code | xo |
| ISO country code | SK |
| 072 #7 - SUBJECT CATEGORY CODE | |
| Subject category code | 821.112.2-3 |
| Subject category code subdivision | Nemecká próza, nemecky písaná |
| Source | konspekt |
| 080 ## - UNIVERSAL DECIMAL CLASSIFICATION NUMBER | |
| Universal Decimal Classification number | 821.112.2(436)-31 |
| Edition identifier | 2001 |
| 080 ## - UNIVERSAL DECIMAL CLASSIFICATION NUMBER | |
| Universal Decimal Classification number | (0:82-31) |
| Edition identifier | 2001 |
| 080 ## - UNIVERSAL DECIMAL CLASSIFICATION NUMBER | |
| Universal Decimal Classification number | (0:82-6) |
| Edition identifier | 2001 |
| 100 1# - MAIN ENTRY--PERSONAL NAME | |
| Personal name | Glattauer, Daniel, |
| Dates associated with a name | 1960- |
| 240 10 - UNIFORM TITLE | |
| Uniform title | Gut gegen Nordwind. |
| Language of a work | Slovensky |
| 245 10 - TITLE STATEMENT | |
| Title | Priateľ do dažďa |
| Statement of responsibility, etc. | Daniel Glattauer ; [z nemeckého originálu preložila Eva Melichárková] |
| 250 ## - EDITION STATEMENT | |
| Edition statement | 1. vyd. |
| 260 ## - PUBLICATION, DISTRIBUTION, ETC. | |
| Place of publication, distribution, etc. | Bratislava |
| Name of publisher, distributor, etc. | Tatran |
| Date of publication, distribution, etc. | 2010 |
| 300 ## - PHYSICAL DESCRIPTION | |
| Extent | 213, [1] s. |
| 490 1# - SERIES STATEMENT | |
| Series statement | LUK : knižnica svetových bestsellerov |
| Volume/sequential designation | zv. 80 |
| 530 ## - ADDITIONAL PHYSICAL FORM AVAILABLE NOTE | |
| Additional physical form available note | Dostupný aj zvukový záznam |
| 653 ## - INDEX TERM--UNCONTROLLED | |
| Uncontrolled term | 821.112.2(436)-31 |
| 653 ## - INDEX TERM--UNCONTROLLED | |
| Uncontrolled term | (0:82-31) |
| 653 ## - INDEX TERM--UNCONTROLLED | |
| Uncontrolled term | (0:82-6) |
| 655 #7 - INDEX TERM--GENRE/FORM | |
| Genre/form data or focus term | rakúske romány |
| Source of term | UKBPH |
| 655 #7 - INDEX TERM--GENRE/FORM | |
| Genre/form data or focus term | korešpondencia |
| Source of term | UKBPH |
| 700 1# - ADDED ENTRY--PERSONAL NAME | |
| Personal name | Melichárková, Eva, |
| Dates associated with a name | 1945- |
| Relationship | trl |
| 776 0# - ADDITIONAL PHYSICAL FORM ENTRY | |
| Title | Priateľ do dažďa |
| Relationship information | [zvukový záznam] |
| 830 #0 - SERIES ADDED ENTRY--UNIFORM TITLE | |
| Uniform title | LUK - Knižnica svetových bestsellerov |
| 910 ## - USER-OPTION DATA (OCLC) | |
| User-option data | sezk |
| 910 ## - USER-OPTION DATA (OCLC) | |
| User-option data | sllk |
| 910 ## - USER-OPTION DATA (OCLC) | |
| User-option data | pppk |
| 910 ## - USER-OPTION DATA (OCLC) | |
| User-option data | ttkjf |
| 910 ## - USER-OPTION DATA (OCLC) | |
| User-option data | svkbb |
| 910 ## - USER-OPTION DATA (OCLC) | |
| User-option data | savuk |
| 910 ## - USER-OPTION DATA (OCLC) | |
| User-option data | vthk |
| 910 ## - USER-OPTION DATA (OCLC) | |
| User-option data | pokpoh |
| 910 ## - USER-OPTION DATA (OCLC) | |
| User-option data | hevk |
| 910 ## - USER-OPTION DATA (OCLC) | |
| User-option data | ukb |
| 942 ## - ADDED ENTRY ELEMENTS (KOHA) | |
| Source of classification or shelving scheme | Dewey Decimal Classification |
| Koha item type | Krásna literatúra pre dospelých |
| Suppress in OPAC | No |
| 949 ## - LOCAL PROCESSING INFORMATION (OCLC) | |
| 6 | 1800515953 |
| a | SL.D.83567 |
| b | PV.10585-2011 |
| 949 ## - LOCAL PROCESSING INFORMATION (OCLC) | |
| 6 | 1800515954 |
| a | SK.D.51744 |
| b | PV.10586-2011 |
| s | 6707:20111215 |
| Stav vyradenia | Strata | Poškodenie | Spôsob nadobudnutia | Domovská knižnica | Aktuálna knižnica | Dátum nadobudnutia | Total checkouts | Čiarový kód exemplára | Date last seen | Typ exemplára |
|---|---|---|---|---|---|---|---|---|---|---|
| Dar | Obecná knižnica Belá-Dulice | Obecná knižnica Belá-Dulice | 13.01.2026 | 4735903315 | 13.01.2026 | Krásna literatúra pre dospelých |
